[Event "Santiago Endesa Interempresas tt-A"]
[Site "Santiago de Chile"]
[Date "2008.08.05"]
[Round "3"]
[White "Valenzuela Fuentealba, Luis"]
[Black "Michel Yunis, Christian D"]
[Result "1/2-1/2"]
[WhiteElo "2434"]
[BlackElo "2366"]
[PlyCount "105"]
[EventDate "2008.07.22"]
[EventType "team"]
[EventRounds "11"]
[EventCountry "CHI"]
[SourceTitle "EXT 2012"]
[Source "ChessBase"]
[SourceDate "2011.11.24"]
[SourceVersion "1"]
[SourceVersionDate "2011.11.24"]
[SourceQuality "1"]

1. d4 Nf6 2. Nf3 g6 3. c4 c5 4. d5 b5 5. cxb5 a6 6. b6 d6 7. Nc3 Nbd7 8. a4 a5 9. e4 Bg7 10. Bb5 0-0 11. 0-0 Ba6 12. b7 Bxb7 13. Re1 Ne8 14. Qb3 Ba6 15. Nd2 Ne5 16. Bxa6 Rxa6 17. Nb5 Qc8 18. Nc4 Nc7 19. Bd2 Nxc4 20. Qxc4 Ra8 21. Bc3 Qd7 22. e5 dxe5 23. Bxe5 Qxd5 24. Rac1 Bxe5 25. Qxd5 Bxh2+ 26. Kxh2 Nxd5 27. Rxc5 e6 28. Nc3 Rfc8 29. Rxc8+ Rxc8 30. Nxd5 exd5 31. Kg3 Kg7 32. Re7 Rc4 33. Rd7 d4 34. b3 Rc3+ 35. Kf4 d3 36. Rd5 d2 37. Rxd2 Rxb3 38. Rd4 Ra3 39. g4 h6 40. Ke4 Kf6 41. f4 Rb3 42. Rd6+ Ke7 43. Ra6 Rb4+ 44. Ke5 Rxa4 45. f5 f6+ 46. Kd5 Rxg4 47. Ra7+ Kd8 48. Ke6 gxf5 49. Rxa5 f4 50. Rf5 Ke8 51. Rxf6 h5 52. Ke5 Ke7 53. Rxf4 1/2-1/2